2025 UEFA Champions League Teams Logos - Statistics

General Stats
  • This quiz has been taken 211 times
  • The average score is 29 of 36
Answer Stats
Picture Answer % Correct
Real Madrid
100%
Barcelona
99%
Manchester City
99%
Arsenal
98%
Bayern Munchen
98%
Liverpool
98%
Paris Saint-Germain
98%
Juventus
97%
Atletico Madrid
95%
Borussia Dortmund
95%
Inter Milan
94%
Celtic
92%
Aston Villa
91%
Benfica
90%
Milan
90%
Sporting
90%
RB Leipzig
86%
PSV Eindhoven
83%
Monaco
82%
Atalanta
81%
Bayer Leverkusen
80%
Young Boys
80%
Lille
77%
Stuttgart
75%
Feyenoord
73%
Bologna
72%
Club Brugee
71%
Red Bull Salzburg
70%
Girona
69%
Red Star Belgrade
65%
Dinamo Zagreb
64%
Brest
61%
Shakhtar Donetsk
56%
Sparta Prague
53%
Sturm Graz
47%
Slovan Bratislava
44%
No matching quizzes found
Score Distribution
Percent of People with Each Score
Percentile by Number Answered
Your Score History
You have not taken this quiz